[Event "ODJM C 2023"]
[Site "Willingen GER"]
[Date "2023.06.01"]
[Round "7"]
[White "Böker, Maximilian"]
[Black "Weinberger, Maxim"]
[Result "1/2-1/2"]
[Termination "normal"]
[Board "6"]
[WhiteElo "969"]
[BlackElo "1310"]
[WhiteClock "00:18:52"]
[BlackClock "00:59:42"]
[PlyCount "116"]
[WhiteFideId "34623868"]
[BlackFideId "16290330"]
[EventCountry "GER"]
[EventRounds "9"]
[EventType "swiss"]
[EventDate "2023.05.27"]

1. e4 {[%clk 01:30:58]} e5 {[%clk 01:30:57]} {[%emt 00:00:05]} 2. Nf3 {[%clk
01:31:22]} {[%emt 00:00:05]} Nc6 {[%clk 01:31:20]} {[%emt 00:00:06]} 3. Bc4
{[%clk 01:31:48]} {[%emt 00:00:05]} Nf6 {[%clk 01:31:24]} {[%emt 00:00:26]} 4.
Ng5 {[%clk 01:31:57]} {[%emt 00:00:21]} d5 {[%clk 01:31:13]} {[%emt 00:00:41]}
5. exd5 {[%clk 01:32:15]} {[%emt 00:00:12]} Na5 {[%clk 01:31:18]} {[%emt
00:00:25]} 6. Bb5+ {[%clk 01:32:39]} {[%emt 00:00:06]} c6 {[%clk 01:31:12]}
{[%emt 00:00:36]} 7. dxc6 {[%clk 01:32:56]} {[%emt 00:00:13]} bxc6 {[%clk
01:31:08]} {[%emt 00:00:35]} 8. Be2 {[%clk 01:32:55]} {[%emt 00:00:30]} h6
{[%clk 01:31:00]} {[%emt 00:00:39]} 9. Nf3 {[%clk 01:32:53]} {[%emt 00:00:31]}
e4 {[%clk 01:30:56]} {[%emt 00:00:34]} 10. Ne5 {[%clk 01:33:17]} {[%emt
00:00:06]} Bd6 {[%clk 01:31:00]} {[%emt 00:00:26]} 11. Nc4 {[%clk 01:29:17]}
{[%emt 00:04:28]} Nxc4 {[%clk 01:30:23]} {[%emt 00:01:10]} 12. Bxc4 {[%clk
01:29:32]} {[%emt 00:00:14]} O-O {[%clk 01:30:43]} {[%emt 00:00:10]} 13. h3
{[%clk 01:23:46]} {[%emt 00:06:15]} Nd5 {[%clk 01:26:07]} {[%emt 00:05:07]} 14.
d3 {[%clk 01:18:14]} {[%emt 00:06:02]} exd3 {[%clk 01:23:35]} {[%emt 00:03:02]}
15. Bxd5 {[%clk 01:17:49]} {[%emt 00:00:55]} Re8+ {[%clk 01:23:39]} {[%emt
00:00:26]} 16. Be3 {[%clk 01:17:07]} {[%emt 00:01:12]} cxd5 {[%clk 01:23:39]}
{[%emt 00:00:31]} 17. Qxd3 {[%clk 01:15:15]} {[%emt 00:02:21]} Qg5 {[%clk
01:20:17]} {[%emt 00:03:52]} 18. O-O {[%clk 01:05:55]} {[%emt 00:09:49]} Qe5
{[%clk 01:20:23]} {[%emt 00:00:25]} 19. g3 {[%clk 01:00:37]} {[%emt 00:05:47]}
Bxh3 {[%clk 01:20:34]} {[%emt 00:00:20]} 20. Bd4 {[%clk 00:55:29]} {[%emt
00:05:38]} Qe4 {[%clk 01:20:17]} {[%emt 00:00:47]} 21. Qxe4 {[%clk 00:54:58]}
{[%emt 00:01:01]} Rxe4 {[%clk 01:20:38]} {[%emt 00:00:09]} 22. Rd1 {[%clk
00:54:26]} {[%emt 00:01:02]} Be5 {[%clk 01:20:45]} {[%emt 00:00:23]} 23. Bxe5
{[%clk 00:54:16]} {[%emt 00:00:40]} Rxe5 {[%clk 01:21:10]} {[%emt 00:00:05]}
24. Nc3 {[%clk 00:52:44]} {[%emt 00:02:02]} Rd8 {[%clk 01:21:34]} {[%emt
00:00:07]} 25. Rd2 {[%clk 00:51:31]} {[%emt 00:01:42]} d4 {[%clk 01:21:43]}
{[%emt 00:00:22]} 26. Rad1 {[%clk 00:51:31]} {[%emt 00:00:29]} Rb8 {[%clk
01:20:36]} {[%emt 00:01:37]} 27. Na4 {[%emt 00:07:31]} Bg4 {[%clk 01:20:01]}
{[%emt 00:00:56]} 28. Rc1 {[%clk 00:42:54]} {[%emt 00:02:14]} Rd8 {[%clk
01:16:28]} {[%emt 00:04:04]} 29. c3 {[%clk 00:40:59]} {[%emt 00:02:25]} d3
{[%clk 01:16:46]} {[%emt 00:00:13]} 30. Kg2 {[%clk 00:38:28]} {[%emt 00:03:00]}
Re2 {[%clk 01:16:43]} {[%emt 00:00:33]} 31. Rcd1 {[%clk 00:36:42]} {[%emt
00:02:15]} Rxd2 {[%clk 01:15:58]} {[%emt 00:01:16]} 32. Rxd2 {[%clk 00:37:02]}
{[%emt 00:00:10]} Rd5 {[%clk 01:15:51]} {[%emt 00:00:38]} 33. b3 {[%clk
00:31:43]} {[%emt 00:05:49]} g5 {[%clk 01:12:17]} {[%emt 00:04:03]} 34. Nb2
{[%clk 00:29:55]} {[%emt 00:02:17]} Be2 {[%clk 01:07:26]} {[%emt 00:05:22]} 35.
f3 {[%clk 00:28:03]} {[%emt 00:02:21]} Rf5 {[%clk 01:07:00]} {[%emt 00:00:57]}
36. f4 {[%clk 00:25:21]} {[%emt 00:03:12]} gxf4 {[%clk 01:07:22]} {[%emt
00:00:08]} 37. gxf4 {[%clk 00:25:06]} {[%emt 00:00:44]} Rxf4 {[%clk 01:07:13]}
{[%emt 00:00:41]} 38. Nxd3 {[%clk 00:24:56]} {[%emt 00:00:39]} Rg4+ {[%clk
01:06:43]} {[%emt 00:01:00]} 39. Kf2 {[%clk 00:24:41]} {[%emt 00:00:45]} Bxd3
{[%clk 01:07:09]} {[%emt 00:00:04]} 40. Rxd3 {[%clk 00:25:03]} {[%emt
00:00:08]} h5 {[%clk 01:07:26]} {[%emt 00:00:13]} 41. c4 {[%clk 00:25:04]}
{[%emt 00:00:29]} Rh4 {[%clk 01:07:06]} {[%emt 00:00:50]} 42. c5 {[%clk
00:24:55]} {[%emt 00:00:39]} Rh2+ {[%clk 01:07:24]} {[%emt 00:00:12]} 43. Ke3
{[%clk 00:24:07]} {[%emt 00:01:18]} Rc2 {[%clk 01:07:14]} {[%emt 00:00:40]} 44.
Kd4 {[%clk 00:24:16]} {[%emt 00:00:21]} Kf8 {[%clk 01:07:25]} {[%emt 00:00:19]}
45. Kd5 {[%clk 00:23:51]} {[%emt 00:00:54]} Rxa2 {[%clk 01:07:16]} {[%emt
00:00:40]} 46. Rc3 {[%clk 00:23:13]} {[%emt 00:01:09]} Ke8 {[%clk 01:06:45]}
{[%emt 00:00:58]} 47. Kc6 {[%clk 00:22:40]} {[%emt 00:01:05]} h4 {[%clk
01:07:04]} {[%emt 00:00:11]} 48. Kb7 {[%clk 00:22:33]} {[%emt 00:00:36]} h3
{[%clk 01:03:50]} {[%emt 00:03:45]} 49. Rxh3 {[%clk 00:22:43]} {[%emt
00:00:20]} Rc2 {[%clk 01:04:13]} {[%emt 00:00:07]} 50. Rh8+ {[%clk 00:22:40]}
{[%emt 00:00:32]} Kd7 {[%clk 01:04:26]} {[%emt 00:00:19]} 51. Rc8 {[%clk
00:22:25]} {[%emt 00:00:44]} Rb2 {[%clk 01:02:17]} {[%emt 00:02:39]} 52. c6
{[%clk 00:22:11]} {[%emt 00:00:44]} Ke7 {[%clk 01:02:16]} {[%emt 00:00:31]} 53.
Rb8 {[%clk 00:21:33]} {[%emt 00:01:08]} Rxb3+ {[%clk 01:02:37]} {[%emt
00:00:10]} 54. Kxa7 {[%clk 00:19:49]} {[%emt 00:02:13]} Ra3+ {[%clk 01:03:00]}
{[%emt 00:00:07]} 55. Kb7 {[%clk 00:20:10]} {[%emt 00:00:09]} Rb3+ {[%clk
01:03:10]} {[%emt 00:00:20]} 56. Kc8 {[%clk 00:19:57]} {[%emt 00:00:42]} Rc3
{[%clk 01:01:12]} {[%emt 00:02:28]} 57. Rb7+ {[%clk 00:19:09]} {[%emt
00:01:19]} Ke6 {[%clk 00:59:52]} {[%emt 00:01:50]} 58. c7 {[%clk 00:18:52]}
{[%emt 00:00:47]} f5 {[%clk 00:59:42]} {[%emt 00:00:40]} 1/2-1/2

[Event "ODJM C 2023"]
[Site "Willingen GER"]
[Date "2023.06.01"]
[Round "7"]
[White "Schwedhelm, Dennis"]
[Black "Müller, Ariana"]
[Result "1-0"]
[Termination "normal"]
[Board "7"]
[WhiteElo "1373"]
[BlackElo "1148"]
[WhiteClock "00:29:21"]
[BlackClock "00:12:07"]
[PlyCount "81"]
[WhiteFideId "16228995"]
[BlackFideId "34615024"]
[EventCountry "GER"]
[EventRounds "9"]
[EventType "swiss"]
[EventDate "2023.05.27"]

1. d4 {[%clk 01:30:58]} {[%emt 00:00:03]} Nf6 {[%clk 01:30:56]} {[%emt
00:00:04]} 2. c4 {[%clk 01:31:21]} {[%emt 00:00:06]} g6 {[%clk 01:31:22]}
{[%emt 00:00:05]} 3. Nc3 {[%clk 01:31:35]} {[%emt 00:00:16]} Bg7 {[%clk
01:31:46]} {[%emt 00:00:06]} 4. e4 {[%clk 01:31:43]} {[%emt 00:00:22]} d6
{[%clk 01:32:11]} {[%emt 00:00:05]} 5. Be3 {[%clk 01:31:22]} {[%emt 00:00:50]}
O-O {[%clk 01:32:29]} {[%emt 00:00:13]} 6. Bd3 {[%clk 01:29:59]} {[%emt
00:01:53]} Na6 {[%clk 01:32:27]} {[%emt 00:00:32]} 7. a3 {[%clk 01:28:34]}
{[%emt 00:01:55]} e5 {[%clk 01:32:04]} {[%emt 00:00:52]} 8. d5 {[%clk
01:27:11]} {[%emt 00:01:54]} b6 {[%clk 01:29:52]} {[%emt 00:02:43]} 9. f3
{[%clk 01:25:29]} {[%emt 00:02:11]} Bd7 {[%clk 01:25:38]} {[%emt 00:04:44]} 10.
b4 {[%clk 01:22:53]} {[%emt 00:03:06]} c5 {[%clk 01:25:24]} {[%emt 00:00:43]}
11. dxc6 {[%emt 00:01:09]} Be6 {[%emt 00:00:45]} 12. Qa4 {[%clk 01:17:46]}
{[%emt 00:03:42]} Nc7 {[%clk 01:24:41]} {[%emt 00:01:14]} 13. Nd5 {[%clk
01:15:54]} {[%emt 00:02:22]} a6 {[%clk 01:20:19]} {[%emt 00:04:53]} 14. Bxb6
{[%clk 01:14:22]} {[%emt 00:02:02]} Bxd5 {[%clk 01:18:35]} {[%emt 00:02:13]}
15. cxd5 {[%clk 01:13:16]} {[%emt 00:01:37]} Nfe8 {[%clk 01:14:56]} {[%emt
00:04:08]} 16. Ne2 {[%clk 01:12:11]} {[%emt 00:01:35]} f5 {[%clk 01:09:21]}
{[%emt 00:06:05]} 17. O-O {[%clk 01:08:23]} {[%emt 00:04:18]} Bh6 {[%clk
01:00:12]} {[%emt 00:09:39]} 18. Bxa6 {[%clk 01:06:25]} {[%emt 00:02:29]} Qb8
{[%clk 00:59:50]} {[%emt 00:00:52]} 19. Bxc7 {[%clk 01:05:26]} {[%emt
00:01:29]} Nxc7 {[%clk 01:00:04]} {[%emt 00:00:16]} 20. b5 {[%clk 01:04:16]}
{[%emt 00:01:40]} Nxa6 {[%clk 00:52:43]} {[%emt 00:07:51]} 21. bxa6 {[%clk
01:03:34]} {[%emt 00:01:12]} Be3+ {[%clk 00:51:57]} {[%emt 00:01:16]} 22. Kh1
{[%clk 01:03:41]} {[%emt 00:00:22]} Qb2 {[%clk 00:51:32]} {[%emt 00:00:55]} 23.
Ng1 {[%clk 00:56:15]} {[%emt 00:07:56]} h5 {[%clk 00:45:14]} {[%emt 00:06:49]}
24. Qb4 {[%clk 00:53:54]} {[%emt 00:02:51]} Qc2 {[%clk 00:39:52]} {[%emt
00:05:51]} 25. Qxd6 {[%clk 00:45:27]} {[%emt 00:08:57]} Ra7 {[%clk 00:39:08]}
{[%emt 00:01:15]} 26. Qe6+ {[%clk 00:44:07]} {[%emt 00:01:49]} Raf7 {[%clk
00:38:00]} {[%emt 00:01:39]} 27. Qxe5 {[%clk 00:43:57]} {[%emt 00:00:40]} fxe4
{[%clk 00:34:06]} {[%emt 00:04:24]} 28. Rae1 {[%clk 00:38:22]} {[%emt
00:06:04]} exf3 {[%clk 00:28:23]} {[%emt 00:06:14]} 29. Rxf3 {[%clk 00:34:37]}
{[%emt 00:04:15]} Bb6 {[%clk 00:23:31]} {[%emt 00:05:22]} 30. Rxf7 {[%clk
00:34:39]} Rxf7 {[%clk 00:23:20]} {[%emt 00:01:08]} 31. Qb8+ {[%clk 00:32:26]}
{[%emt 00:02:42]} Kg7 {[%clk 00:21:51]} {[%emt 00:02:00]} 32. Qxb6 {[%clk
00:31:38]} h4 {[%clk 00:19:25]} {[%emt 00:04:15]} 33. Qd4+ {[%clk 00:30:47]}
{[%emt 00:01:20]} Rf6 {[%clk 00:18:45]} {[%emt 00:01:11]} 34. Re7+ {[%clk
00:30:55]} {[%emt 00:00:21]} Kh6 {[%clk 00:18:32]} {[%emt 00:00:43]} 35. Qxf6
{[%clk 00:31:01]} {[%emt 00:00:25]} Qc4 {[%clk 00:17:08]} {[%emt 00:01:54]} 36.
c7 {[%clk 00:30:20]} {[%emt 00:01:11]} h3 {[%clk 00:13:39]} {[%emt 00:03:58]}
37. Nxh3 {[%clk 00:30:13]} {[%emt 00:00:37]} Qc1+ {[%clk 00:12:12]} {[%emt
00:01:57]} 38. Ng1 {[%clk 00:30:27]} {[%emt 00:00:16]} Qc4 {[%clk 00:12:02]}
{[%emt 00:00:40]} 39. c8=Q {[%clk 00:28:41]} {[%emt 00:01:12]} Kh5 {[%clk
00:11:52]} {[%emt 00:01:45]} 40. Qh3+ {[%clk 00:28:59]} {[%emt 00:00:11]} Qh4
{[%clk 00:12:07]} {[%emt 00:00:16]} 41. Qhxh4# {[%clk 00:29:21]} {[%emt
00:00:08]} 1-0

[Event "ODJM C 2023"]
[Site "Willingen GER"]
[Date "2023.06.01"]
[Round "7"]
[White "Sauer, Ben"]
[Black "Lau, Lars"]
[Result "1-0"]
[Termination "normal"]
[Board "8"]
[WhiteElo "1340"]
[BlackElo "1244"]
[WhiteClock "00:36:06"]
[BlackClock "01:05:37"]
[PlyCount "99"]
[WhiteFideId "34606866"]
[BlackFideId "34623663"]
[EventCountry "GER"]
[EventRounds "9"]
[EventType "swiss"]
[EventDate "2023.05.27"]

1. e4 {[%clk 01:30:58]} {[%emt 00:00:01]} g6 {[%clk 01:30:56]} {[%emt
00:00:05]} 2. d4 {[%clk 01:31:22]} {[%emt 00:00:07]} Bg7 {[%clk 01:31:21]}
{[%emt 00:00:05]} 3. Nf3 {[%clk 01:31:44]} {[%emt 00:00:07]} d6 {[%clk
01:31:44]} {[%emt 00:00:08]} 4. Nc3 {[%clk 01:31:58]} {[%emt 00:00:15]} Bg4
{[%clk 01:31:17]} {[%emt 00:00:57]} 5. Be2 {[%clk 01:28:21]} {[%emt 00:04:07]}
Bxf3 {[%clk 01:29:29]} {[%emt 00:02:18]} 6. Bxf3 {[%clk 01:28:34]} {[%emt
00:00:17]} e5 {[%clk 01:29:51]} {[%emt 00:00:09]} 7. d5 {[%clk 01:27:23]}
{[%emt 00:01:40]} Nf6 {[%clk 01:30:13]} {[%emt 00:00:08]} 8. Be3 {[%clk
01:25:36]} {[%emt 00:02:17]} h5 {[%clk 01:29:44]} {[%emt 00:00:58]} 9. h3
{[%clk 01:24:59]} {[%emt 00:01:08]} Nbd7 {[%clk 01:29:52]} {[%emt 00:00:23]}
10. Qd2 {[%clk 01:24:14]} {[%emt 00:01:14]} Qe7 {[%clk 01:29:54]} {[%emt
00:00:29]} 11. a3 {[%clk 01:23:43]} {[%emt 00:01:01]} Nb6 {[%clk 01:26:55]}
{[%emt 00:03:28]} 12. Be2 {[%clk 01:22:07]} {[%emt 00:02:07]} Nfd7 {[%clk
01:26:36]} {[%emt 00:00:49]} 13. b4 {[%clk 01:18:37]} {[%emt 00:03:59]} c6
{[%clk 01:25:46]} {[%emt 00:01:20]} 14. dxc6 {[%clk 01:17:33]} {[%emt
00:01:35]} bxc6 {[%clk 01:26:10]} {[%emt 00:00:07]} 15. Rd1 {[%clk 01:16:47]}
{[%emt 00:01:15]} Bf8 {[%clk 01:25:45]} {[%emt 00:00:55]} 16. b5 {[%clk
01:15:04]} {[%emt 00:02:13]} c5 {[%clk 01:24:10]} {[%emt 00:02:05]} 17. a4
{[%clk 01:13:33]} {[%emt 00:02:00]} Nf6 {[%clk 01:22:43]} {[%emt 00:01:57]} 18.
a5 {[%clk 01:11:19]} {[%emt 00:02:44]} Nbd7 {[%clk 01:21:08]} {[%emt 00:02:05]}
19. Bg5 {[%clk 01:08:45]} {[%emt 00:03:04]} Qd8 {[%clk 01:19:50]} {[%emt
00:01:48]} 20. Nd5 {[%clk 01:07:00]} {[%emt 00:02:15]} Nxe4 {[%clk 01:16:00]}
{[%emt 00:04:20]} 21. Bxd8 {[%clk 01:03:41]} {[%emt 00:03:49]} Nxd2 {[%clk
01:16:23]} {[%emt 00:00:07]} 22. Nc7+ {[%clk 01:02:16]} {[%emt 00:01:56]} Kxd8
{[%clk 01:16:47]} {[%emt 00:00:06]} 23. Nxa8 {[%clk 01:02:30]} {[%emt
00:00:16]} Ne4 {[%clk 01:17:11]} {[%emt 00:00:06]} 24. Bc4 {[%clk 00:59:06]}
{[%emt 00:03:53]} Kc8 {[%clk 01:15:17]} {[%emt 00:02:24]} 25. Rd3 {[%clk
00:53:09]} {[%emt 00:06:27]} Ndf6 {[%clk 01:11:36]} {[%emt 00:04:11]} 26. b6
{[%clk 00:49:45]} {[%emt 00:03:55]} Kb7 {[%clk 01:10:04]} {[%emt 00:02:01]} 27.
Nc7 {[%clk 00:44:05]} {[%emt 00:06:10]} axb6 {[%clk 01:09:31]} {[%emt
00:01:04]} 28. axb6 {[%clk 00:44:14]} {[%emt 00:00:20]} Kxb6 {[%clk 01:09:36]}
{[%emt 00:00:25]} 29. Nd5+ {[%clk 00:44:03]} {[%emt 00:00:41]} Nxd5 {[%clk
01:09:59]} {[%emt 00:00:07]} 30. Bxd5 {[%clk 00:44:20]} {[%emt 00:00:14]} f5
{[%clk 01:09:56]} {[%emt 00:00:33]} 31. Rb3+ {[%clk 00:43:45]} {[%emt
00:01:05]} Kc7 {[%clk 01:09:47]} {[%emt 00:00:39]} 32. Rb7+ {[%clk 00:43:57]}
{[%emt 00:00:17]} Kc8 {[%clk 01:09:56]} {[%emt 00:00:21]} 33. O-O {[%clk
00:43:50]} {[%emt 00:00:37]} Nf6 {[%clk 01:08:51]} {[%emt 00:01:35]} 34. Bc6
{[%clk 00:40:23]} {[%emt 00:03:57]} Rh7 {[%clk 01:09:08]} {[%emt 00:00:13]} 35.
Rxh7 {[%clk 00:39:58]} {[%emt 00:00:55]} Nxh7 {[%clk 01:09:25]} {[%emt
00:00:13]} 36. Ra1 {[%clk 00:40:00]} {[%emt 00:00:28]} Kc7 {[%clk 01:08:29]}
{[%emt 00:01:27]} 37. Bd5 {[%clk 00:39:10]} {[%emt 00:01:19]} Nf6 {[%clk
01:08:40]} {[%emt 00:00:19]} 38. Bc4 {[%clk 00:37:11]} {[%emt 00:02:30]} d5
{[%clk 01:08:08]} {[%emt 00:01:01]} 39. Ra6 {[%clk 00:34:40]} {[%emt 00:03:01]}
dxc4 {[%clk 01:05:11]} {[%emt 00:03:27]} 40. Rxf6 {[%clk 00:34:54]} {[%emt
00:00:17]} Be7 {[%clk 01:05:36]} {[%emt 00:00:04]} 41. Rxg6 {[%clk 00:35:07]}
{[%emt 00:00:17]} h4 {[%clk 01:05:18]} {[%emt 00:00:48]} 42. f3 {[%clk
00:34:31]} {[%emt 00:01:06]} f4 {[%clk 01:05:39]} {[%emt 00:00:09]} 43. Kf2
{[%clk 00:34:27]} {[%emt 00:00:34]} Bd6 {[%clk 01:04:52]} {[%emt 00:01:18]} 44.
Rh6 {[%clk 00:34:38]} {[%emt 00:00:18]} Kc6 {[%clk 01:05:14]} {[%emt 00:00:08]}
45. Rxh4 {[%clk 00:34:52]} {[%emt 00:00:16]} Kd5 {[%clk 01:05:38]} {[%emt
00:00:06]} 46. c3 {[%clk 00:35:04]} {[%emt 00:00:18]} Bc7 {[%clk 01:05:45]}
{[%emt 00:00:23]} 47. Ke2 {[%clk 00:35:20]} {[%emt 00:00:15]} Kc6 {[%clk
01:04:49]} {[%emt 00:01:25]} 48. Rh5 {[%clk 00:35:23]} {[%emt 00:00:25]} Kb5
{[%clk 01:05:13]} {[%emt 00:00:08]} 49. Kd2 {[%clk 00:35:48]} {[%emt 00:00:05]}
Ka4 {[%clk 01:05:37]} {[%emt 00:00:07]} 50. Kc2 {[%clk 00:36:06]} {[%emt
00:00:11]} 1-0

[Event "ODJM C 2023"]
[Site "Willingen GER"]
[Date "2023.06.01"]
[Round "7"]
[White "Schäfer, Amadeus"]
[Black "Franke, Leonhard"]
[Result "1/2-1/2"]
[Termination "normal"]
[Board "9"]
[WhiteElo "1274"]
[BlackElo "1348"]
[WhiteClock "00:25:44"]
[BlackClock "01:00:41"]
[PlyCount "70"]
[WhiteFideId "34660585"]
[BlackFideId "34644806"]
[EventCountry "GER"]
[EventRounds "9"]
[EventType "swiss"]
[EventDate "2023.05.27"]

1. e4 {[%clk 01:31:00]} e5 {[%clk 01:30:55]} {[%emt 00:00:06]} 2. Nf3 {[%clk
01:31:26]} {[%emt 00:00:03]} Nc6 {[%clk 01:31:18]} {[%emt 00:00:07]} 3. Bb5
{[%clk 01:31:51]} {[%emt 00:00:04]} Bc5 {[%clk 01:31:41]} {[%emt 00:00:07]} 4.
Bxc6 {[%clk 01:31:38]} {[%emt 00:00:42]} dxc6 {[%clk 01:32:07]} {[%emt
00:00:05]} 5. O-O {[%clk 01:32:00]} {[%emt 00:00:08]} Bg4 {[%clk 01:32:24]}
{[%emt 00:00:13]} 6. h3 {[%clk 01:32:05]} {[%emt 00:00:25]} Bxf3 {[%clk
01:32:02]} {[%emt 00:00:53]} 7. Qxf3 {[%clk 01:32:20]} {[%emt 00:00:14]} Nf6
{[%clk 01:31:58]} {[%emt 00:00:35]} 8. Nc3 {[%clk 01:32:07]} {[%emt 00:00:42]}
Qd7 {[%clk 01:31:35]} {[%emt 00:00:54]} 9. d3 {[%clk 01:32:24]} {[%emt
00:00:12]} O-O-O {[%clk 01:31:55]} {[%emt 00:00:11]} 10. Qg3 {[%clk 01:31:55]}
{[%emt 00:00:58]} Qe6 {[%clk 01:30:58]} {[%emt 00:01:28]} 11. Kh1 {[%clk
01:26:25]} {[%emt 00:05:59]} h5 {[%clk 01:26:56]} {[%emt 00:04:33]} 12. Be3
{[%clk 01:23:04]} {[%emt 00:03:49]} h4 {[%clk 01:23:42]} {[%emt 00:03:46]} 13.
Qf3 {[%clk 01:23:05]} {[%emt 00:00:27]} Bd4 {[%clk 01:23:46]} {[%emt 00:00:27]}
14. Bxd4 {[%clk 01:22:55]} {[%emt 00:00:39]} exd4 {[%clk 01:24:02]} {[%emt
00:00:15]} 15. Na4 {[%clk 01:15:54]} {[%emt 00:07:30]} g5 {[%clk 01:22:29]}
{[%emt 00:02:05]} 16. Kg1 {[%clk 01:08:21]} {[%emt 00:08:02]} g4 {[%clk
01:20:39]} {[%emt 00:02:20]} 17. hxg4 {[%clk 01:03:30]} {[%emt 00:05:21]} Qxg4
{[%clk 01:19:51]} {[%emt 00:01:18]} 18. Qxf6 {[%clk 00:53:51]} {[%emt
00:10:08]} Rh5 {[%clk 01:13:44]} {[%emt 00:06:38]} 19. Qf3 {[%clk 00:52:51]}
{[%emt 00:01:30]} Rg8 {[%clk 01:10:45]} {[%emt 00:03:30]} 20. Qxg4+ {[%clk
00:51:42]} {[%emt 00:01:39]} Rxg4 {[%clk 01:11:08]} {[%emt 00:00:06]} 21. f3
{[%clk 00:51:52]} {[%emt 00:00:21]} Rg3 {[%clk 01:10:19]} {[%emt 00:01:19]} 22.
Kf2 {[%clk 00:51:29]} {[%emt 00:00:52]} Rhg5 {[%clk 01:10:12]} {[%emt
00:00:37]} 23. Rg1 {[%clk 00:51:16]} {[%emt 00:00:42]} b5 {[%clk 01:10:35]}
{[%emt 00:00:09]} 24. Nc5 {[%clk 00:48:25]} {[%emt 00:03:21]} Rxc5 {[%clk
01:10:02]} {[%emt 00:01:03]} 25. Rac1 {[%clk 00:48:12]} {[%emt 00:00:43]} a5
{[%clk 01:10:09]} {[%emt 00:00:24]} 26. c3 {[%clk 00:48:01]} {[%emt 00:00:39]}
Kd7 {[%clk 01:08:19]} {[%emt 00:02:20]} 27. cxd4 {[%clk 00:46:17]} {[%emt
00:02:14]} Rcg5 {[%clk 01:06:17]} {[%emt 00:02:32]} 28. Rc5 {[%clk 00:43:54]}
{[%emt 00:02:53]} Kd6 {[%clk 01:04:30]} {[%emt 00:02:18]} 29. Rxg5 {[%clk
00:31:53]} {[%emt 00:12:30]} Rxg5 {[%clk 01:04:54]} {[%emt 00:00:06]} 30. f4
{[%clk 00:32:03]} {[%emt 00:00:20]} Rg3 {[%clk 01:04:53]} {[%emt 00:00:31]} 31.
Rd1 {[%clk 00:30:40]} {[%emt 00:01:53]} c5 {[%clk 01:04:03]} {[%emt 00:01:19]}
32. d5 {[%clk 00:29:58]} {[%emt 00:01:14]} f6 {[%clk 01:02:42]} {[%emt
00:01:51]} 33. b3 {[%clk 00:26:30]} {[%emt 00:03:57]} Rg4 {[%clk 01:01:07]}
{[%emt 00:02:05]} 34. Kf3 {[%clk 00:25:20]} {[%emt 00:01:40]} Rg3+ {[%clk
01:01:30]} {[%emt 00:00:08]} 35. Kf2 {[%clk 00:25:44]} {[%emt 00:00:06]} Rg4
{[%clk 01:00:41]} {[%emt 00:01:18]} 1/2-1/2